| 000 | 00471nam a2200169 i 4500 | ||
|---|---|---|---|
| 001 | 24805 | ||
| 003 | ES-MaACL | ||
| 005 | 20230906153132.0 | ||
| 007 | t| | ||
| 008 | 021218s1973 sp ||||1| spa d | ||
| 245 | 0 | 0 |
_aApuntes sobre el trabajo en España / _cJordi Estivill... [et al.]. |
| 250 | _a[1ª ed.]. | ||
| 260 |
_aBarcelona : _bNova Terra, _c[1973] |
||
| 300 |
_a204 p. ; _c22 cm. |
||
| 700 | 1 |
_aEstivill, Jordi. _948181 |
|
| 852 |
_aES-MaACL _jC-48389 _bR.84847 |
||
| 999 |
_c24805 _d24805 |
||